Sporcle Acrostic Puzzle II Quiz Stats

 Plays Quiz Updated Oct 10, 2019

Score 0/219 Timer 09:00
1 Play Today
% Correct
''
100%
''
100%
,
100%
.
100%
-
100%
S
85.9%
S
85.9%
F
85.6%
F
85.6%
H
85.6%
H
85.6%
O
84.1%
O
84.1%
S
83.3%
S
83.3%
T
83.2%
T
83.2%
O
83.2%
O
83.2%
O
83%
O
83%
W
82.9%
W
82.9%
U
82.8%
U
82.8%
T
82.7%
T
82.7%
F
82%
F
82%
I
80.4%
I
80.4%
E
80%
E
80%
S
80%
S
80%
I
79.5%
I
79.5%
U
79.4%
U
79.4%
N
79.3%
N
79.3%
R
79.1%
R
79.1%
A
79.1%
A
79.1%
O
78.8%
O
78.8%
Y
78%
Y
78%
R
77.7%
R
77.7%
T
77.5%
T
77.5%
O
77.5%
O
77.5%
R
77.4%
R
77.4%
S
77.3%
S
77.3%
A
77.2%
A
77.2%
A
76.5%
A
76.5%
P
76.3%
P
76.3%
F
76.1%
F
76.1%
N
75.9%
N
75.9%
O
75.9%
O
75.9%
L
75.3%
L
75.3%
% Correct
R
74.9%
R
74.9%
S
74.2%
S
74.2%
N
74.2%
N
74.2%
O
74%
O
74%
H
74%
H
74%
M
73.9%
M
73.9%
D
73.7%
D
73.7%
O
73.4%
O
73.4%
S
73.4%
S
73.4%
É
73.2%
E
73.2%
E
72.9%
E
72.9%
O
72.8%
O
72.8%
D
72.4%
D
72.4%
A
71.9%
A
71.9%
A
71.3%
A
71.3%
A
70.7%
A
70.7%
C
70.6%
C
70.6%
C
70.5%
C
70.5%
Y
70.4%
Y
70.4%
F
70.3%
F
70.3%
J
70.2%
J
70.2%
O
70.1%
O
70.1%
O
70.1%
O
70.1%
R
69.1%
R
69.1%
I
68.9%
I
68.9%
T
68.9%
T
68.9%
H
68.8%
H
68.8%
E
68.6%
E
68.6%
U
68.6%
U
68.6%
T
68.4%
T
68.4%
Y
67.8%
Y
67.8%
H
67.6%
H
67.6%
N
67.5%
N
67.5%
E
67.4%
E
67.4%
E
67.4%
E
67.4%
E
66.5%
E
66.5%
T
66.3%
% Correct
T
66.3%
W
66%
W
66%
L
66%
L
66%
C
66%
C
66%
K
65.9%
K
65.9%
N
65.9%
N
65.9%
O
65.8%
O
65.8%
E
65.6%
E
65.6%
I
65.5%
I
65.5%
F
65.4%
F
65.4%
R
65.2%
R
65.2%
I
64.9%
I
64.9%
H
64.7%
H
64.7%
S
63.7%
S
63.7%
E
63.6%
E
63.6%
G
63.4%
G
63.4%
E
63.4%
E
63.4%
V
62.6%
V
62.6%
I
61.9%
I
61.9%
S
61.8%
S
61.8%
U
61.8%
U
61.8%
D
61.8%
D
61.8%
E
61.8%
E
61.8%
E
61.7%
E
61.7%
B
61.4%
B
61.4%
T
61.1%
T
61.1%
M
61.1%
M
61.1%
N
60.7%
N
60.7%
E
60.1%
E
60.1%
P
59.8%
P
59.8%
U
59%
U
59%
I
58.5%
I
58.5%
C
58.1%
C
58.1%
S
57.9%
S
57.9%
L
57.7%
L
57.7%
C
57.5%
C
57.5%
S
56.6%
S
56.6%

You're not logged in!

Compare scores with friends on all Sporcle quizzes.
OR
Log In

Sporcle TV

Today on Sporcle TV


Watch our educational content, quiz creation guides, and fun videos on Sporcle TV.

Show Comments

Extras

Top Quizzes Today


Score Distribution

Your Account Isn't Verified!

In order to create a playlist on Sporcle, you need to verify the email address you used during registration. Go to your Sporcle Settings to finish the process.

Report this User

Report this user for behavior that violates our Community Guidelines.

Details: